| 000 | 01419nam0a2200349 4500 | ||
|---|---|---|---|
| 001 | RU\NLR\bibl\22173 | ||
| 005 | 20250615015442.0 | ||
| 010 |
_a5-7282-0085-0 _9500 |
||
| 021 |
_aRU _b99-3188 _9151 |
||
| 035 | _a(NLR Aleph) 000021607 | ||
| 090 |
_a99916 _c99916 |
||
| 100 | _a19990414d1999 |||y0rusy50 ca | ||
| 101 | 0 | _arus | |
| 102 | _aRU | ||
| 105 | _a||||||||||||| | ||
| 200 | 1 |
_aАстры - цветы сентября _e[Проза, стихи] _fАнна Гулевская |
|
| 210 |
_aМ. _cИЦ журн. "Юность" _d1999 |
||
| 215 |
_a87 _d20 |
||
| 300 | _aСодерж.: Вот как бывает... (Девять рассказов из жизни Софии); Циклы: Лирика; Мой учитель А.С. Пушкин, и Захарово; Россия - Великая Русь; Духовные стихи; Детские стихи; Помни имя свое, сынок : Поэма | ||
| 300 | _aИзд. на средства авт. | ||
| 686 | _aШ6(2=Р)75я44 | ||
| 686 | _aШ5(2=Р)51-4Пушкин765 | ||
| 700 | 1 |
_aГулевская _bА. М. _gАнна Михайловна _4070 |
|
| 801 | 0 |
_aRU _bNLR _c19990414 _gPSBO |
|
| 801 | 1 |
_aRU _bNLR _c19990414 |
|
| 830 | _aАвт. раскрыт по кн. | ||
| 852 |
_aNLR _j99-4/754 |
||
| 942 | _cBOOK | ||
| 980 | _aNB | ||